Anatomía humana en casos clínicos. (Registro nro. 2159)

Detalles MARC
000 -LEADER
fixed length control field 01041nam a2200301 a 4500
005 - FECHA ULTIMA MODIFICACION
control field 20240506104427.0
008 - CAMPO DE CONTROL (LIBRO)
fixed length control field 101001t2012||||mx a |||||||||||||spa d
020 ## - INTERNATIONAL STANDARD BOOK NUMBER
ISBN 9786077743736
041 ## - CODIGO DE IDIOMA
Código de idioma del texto/pista de sonido o título separado spa
092 ## - SIGNATURA TOPOGRAFICA DEWEY LOCAL
número de clasificación 611
libristica 31
sección GUZ
100 1# - ENTRADA PRINCIPAL--NOMBRE PERSONAL
Nombre personal Guzmán López, Santos
9 (RLIN) 3748
245 ## - TITULO PROPIAMENTE DICHO
Título Anatomía humana en casos clínicos.
Subtítulo y Título paralelo Aprendizaje basado en el razonamiento clínico /
Mención de responsabilidad y remanente de la transcripción de la portada Santos Guzmán López
250 ## - MENCION DE EDICION
Mención de edición 2a ed.
260 ## - PIE DE IMPRENTA
Lugar de publicación, distribución, etc México:
Nombre de la editorial, distribuidor, etc Editorial Medica Panamericana;
Fecha de publicación 2012.
300 ## - DESCRIPCION FISICA
Extension 228 p.
Otros detalles físicos il.
Dimensiones 28 cm.
500 ## - NOTA GENERAL
Nota general Guzmán López, S. y Elizondo-Omañan, R. E. (2012). Anatomía humana en casos clínicos. Aprendizaje basado en el razonamiento clínico. (2a ed.). México : Editorial Médica Panamericana.
653 ## - TÉRMINO INDIZADO - PALABRAS CLAVES
Palabra clave Dorso
653 ## - TÉRMINO INDIZADO - PALABRAS CLAVES
Palabra clave Extremidad superior
653 ## - TÉRMINO INDIZADO - PALABRAS CLAVES
Palabra clave Extremidad inferior
653 ## - TÉRMINO INDIZADO - PALABRAS CLAVES
Palabra clave Tórax
653 ## - TÉRMINO INDIZADO - PALABRAS CLAVES
Palabra clave Abdomen
653 ## - TÉRMINO INDIZADO - PALABRAS CLAVES
Palabra clave Pelvis
653 ## - TÉRMINO INDIZADO - PALABRAS CLAVES
Palabra clave Cuello
653 ## - TÉRMINO INDIZADO - PALABRAS CLAVES
Palabra clave Cabeza
653 ## - TÉRMINO INDIZADO - PALABRAS CLAVES
Palabra clave Sistema nervioso central
700 1# - ENTRADAS SECUNDARIAS - NOMBRE PERSONAL
Nombre personal Elizondo-Omañan, Rodrigo E.
9 (RLIN) 3749
942 ## - ADDED ENTRY ELEMENTS (KOHA)
Source of classification or shelving scheme Dewey Decimal Classification
Item type Libros
Existencias
Estado de retiro Existencia Fuente de clasificación Estado general No para prestamo Ubicación permanente ubicación actual Sala de ubicación Fecha de adquisición Fuente de adquisición Costo, precio normal de compra Total Checkouts Número de clasificación Código de barras Date last seen Date last borrowed Número de ejemplar Price effective from Koha tipo de elemento (item) Public note
    Dewey Decimal Classification     Biblioteca Medicina Biblioteca Medicina Referencia 30/04/2015 Compra PROMED 3er AÑO, Abril 2015 268.00 1 611 31 GUZ 3482 18/11/2015 18/11/2015 Ej.1 30/04/2015 Reference Compra PROMED 3er AÑO, Abril 2015
    Dewey Decimal Classification     Biblioteca Medicina Biblioteca Medicina Circulación 30/04/2015 Compra PROMED 3er AÑO, Abril 2015 268.00 11 611 31 GUZ 3483 23/09/2025 16/09/2025 Ej.2 30/04/2015 Libros Compra PROMED 3er AÑO, Abril 2015

UNIVERSIDAD NACIONAL DEL COMAHUE
Biblioteca de la Facultad de Ciencias Médicas
Sede Toschi: Los Arrayanes y Av. Toschi, Cipolletti  - Rio Negro
Sede Los Tordos:  Yrigoyen al 2211, Cipolletti - Rio Negro 

Teléfono: 0299 - 4774707 int 25
Contacto: biblioteca@facimed.uncoma.edu.ar
© 2011 - 2026